Neville Longbottom - Harry Potter Quiz - Statistics

General Stats
  • This quiz has been taken 23 times
  • The average score is 9 of 15
Answer Stats
Question Answer % Correct
What is Neville's career after Hogwarts? Herbology Professor
100%
What is Neville's Gran's name. Augusta
94%
What did Neville get ten points for in the end of the first year. For standing up against his friends
82%
Who did Neville go to the Yule Ball with? Ginny Weasley
76%
Why did Neville lose his Hogsmeade privileges for part of his third year? He dropped a list of passwords for the Gryffindor common room
71%
When Neville visits his parents in St. Mungo's, what does his mother hand him. A wrapper from a Drooble's Best Blowing Gum
65%
In the Battle of The Department of Mysteries, who broke Neville's nose Antonin Dolohov
59%
Who does Neville go on to marry? Hannah Abbot
59%
At the age of eight, his great uncle Algie drops him off the side of a pier. Which pier? Blackpool pier
53%
Why was Neville with the golden trio when they met Fluffy in the forbidden third-floor corridor. He didn't know the new password to the common room and he got locked out
53%
What sparked Neville to try extra hard in the DA sessions in his fifth year? The mass breakout from Azkaban
53%
What made Neville disappear into the Room of Requirement and stop going to classes in The Deathly Hallows? The Carrows had his class practicing the Cruciatus curse on first years for their punishment
41%
Who gave Neville the Mimbulus Mimbletonia as a fifteenth birthday present? His Great Uncle Algie
35%
What was the title of the book Professor Moody gifted him after his first DADA lesson? Magical Mediterranian Water Plants and Their Properties
35%
What did Neville have to do for detention for melting six cauldrons in potions class in fourth year? Dismember a barrel of horned toads
18%
No matching quizzes found
Score Distribution
Percent of People with Each Score
Percentile by Number Answered
Your Score History
You have not taken this quiz